| 000 | 00640nam a22001817a 4500 | ||
|---|---|---|---|
| 005 | 20251108165414.0 | ||
| 008 | 250721s1994 xx 000 0 ara d | ||
| 082 | 1 | 4 | _aم/213.1/مقر |
| 100 | 1 | _aالمقريزي، تقي الدين أبو العباس أحمد بن علي | |
| 245 | 1 | 0 | _aمختصر الكامل في الضعفاء و علل الحديث لإبن عدي / |
| 264 | 1 |
_aالقاهره : _bمكتبة السنه، _c1994. |
|
| 300 | _a890ص | ||
| 650 | 1 | 7 | _aالإسلام |
| 650 | 1 | 7 | _aالحديث الشريف |
| 700 | 1 |
_aالدمشقي، أيمن بن عارف _eتحقيق |
|
| 942 |
_2ddc _cREF |
||
| 999 |
_c27129 _d27129 |
||